Vybrané faktory ovplyvňujúce daňovú povinnosť právnickej osoby vo vybranej krajine EÚ diplomová práca

Salvato in:
Dettagli Bibliografici
Autore principale: Kuppéová, Katarína
Ente Autore: Národohospodárska fakulta EU. Katedra financií
Altri autori: Kušnírová, Jana, 1977-
Natura: Libro
Lingua:slovacco
Pubblicazione: Bratislava 2019
Tags: Aggiungi Tag
Nessun Tag, puoi essere il primo ad aggiungerne!!

MARC

LEADER 00000nbm a2200000 4500
001 0254906
005 20190724131602.3
041 0 |a slo 
044 |a SK 
245 1 0 |a Vybrané faktory ovplyvňujúce daňovú povinnosť právnickej osoby vo vybranej krajine EÚ  |b diplomová práca  |c Katarína Kuppéová ; školiteľ: Jana Kušnírová 
264 1 |a Bratislava  |c 2019 
300 |a 58 s. 
100 1 |a Kuppéová, Katarína 
700 1 |a Kušnírová, Jana, 1977- 
710 2 |a Národohospodárska fakulta EU. Katedra financií